01155nabaa22002297a 4500999001500000003000400015005001700019008004100036040000700077100002900084245019500113300001300308500003700321505021600358505008900574650003200663650002900695700003800724700003200762773011800794942001300912 c6173d6173OSt20260123231850.0190701b xxu||||| |||| 00| 0 spa d cPJ 96914aJuliá, Marta S. 13aEl derecho administrativo frente al cambio climático : bdesafíos y oportunidades frente a la regulación ambiental /cMarta S. Juliá, M. Cecilia Tello Roldán, M. Eugenia Villalba.  ap. 23-32 aCita: TR LALEY AR/DOC/1107/2024  aSumario: I. Introducción.— II. Panorama normativo.— III. Impacto de los cambios institucionales de la nueva gestión gubernamental (2023-2027) en la política de cambio climático.— IV. Conclusiones.  t¿Te interesa el texto completo? Comunicate al correo: koha@justierradelfuego.gov.ar 09211aDERECHO ADMINISTRATIVO 096111aCAMBIO CLIMÁTICO 96915aTello Roldán, M. Cecilia  96916aVillalba, M. Eugenia 0 0284293251dBuenos Aires : AbeledoPerrot, 2012-oDA121tDerecho administrativo. Nº 153 mayo/junio 2024z18510590 2udccANA